Creative together : (Record no. 192216)
[ view plain ]
| 000 -LEADER | |
|---|---|
| fixed length control field | 00944cam a2200277 i 4500 |
| 003 - CONTROL NUMBER IDENTIFIER | |
| control field | MY-SjTCS |
| 005 - DATE AND TIME OF LATEST TRANSACTION | |
| control field | 20250523152733.0 |
| 008 - FIXED-LENGTH DATA ELEMENTS--GENERAL INFORMATION | |
| fixed length control field | 191220t20222022bcca b 001 0 eng d |
| 020 ## - INTERNATIONAL STANDARD BOOK NUMBER | |
| International Standard Book Number | 9781774581629 |
| Qualifying information | paperback |
| 020 ## - INTERNATIONAL STANDARD BOOK NUMBER | |
| International Standard Book Number | 9781774581636 |
| Qualifying information | ebook |
| 040 ## - CATALOGING SOURCE | |
| Original cataloging agency | MY-SjTCS |
| Language of cataloging | eng |
| Transcribing agency | MY-SjTCS |
| Description conventions | rda |
| 082 04 - DEWEY DECIMAL CLASSIFICATION NUMBER | |
| Classification number | 658.4063 |
| Item number | KOW 2022 |
| 100 1# - MAIN ENTRY--PERSONAL NAME | |
| Personal name | Kowalski, Steven, |
| Relator term | author. |
| 9 (RLIN) | 308524 |
| 245 10 - TITLE STATEMENT | |
| Title | Creative together : |
| Remainder of title | sparking innovation in the new world of work / |
| Statement of responsibility, etc. | Steven Kowalski. |
| 264 #1 - PRODUCTION, PUBLICATION, DISTRIBUTION, MANUFACTURE, AND COPYRIGHT NOTICE | |
| Place of production, publication, distribution, manufacture | [Vancouver, British Columbia] : |
| Name of producer, publisher, distributor, manufacturer | Page Two, |
| Date of production, publication, distribution, manufacture, or copyright notice | [2022] |
| 264 #4 - PRODUCTION, PUBLICATION, DISTRIBUTION, MANUFACTURE, AND COPYRIGHT NOTICE | |
| Date of production, publication, distribution, manufacture, or copyright notice | ©2022 |
| 300 ## - PHYSICAL DESCRIPTION | |
| Extent | 283 pages : |
| Other physical details | illustrations ; |
| Dimensions | 23 cm |
| 336 ## - CONTENT TYPE | |
| Content type term | text |
| Source | rdacontent |
| 337 ## - MEDIA TYPE | |
| Media type term | unmediated |
| Source | rdamedia |
| 338 ## - CARRIER TYPE | |
| Carrier type term | volume |
| Source | rdacarrier |
| 504 ## - BIBLIOGRAPHY, ETC. NOTE | |
| Bibliography, etc. note | Includes bibliographical references and index. |
| 650 #0 - SUBJECT ADDED ENTRY--TOPICAL TERM | |
| Topical term or geographic name entry element | Organizational change. |
| 9 (RLIN) | 202322 |
| 650 #0 - SUBJECT ADDED ENTRY--TOPICAL TERM | |
| Topical term or geographic name entry element | Creative ability. |
| 9 (RLIN) | 202032 |
| 650 #0 - SUBJECT ADDED ENTRY--TOPICAL TERM | |
| Topical term or geographic name entry element | Leadership. |
| 9 (RLIN) | 202321 |
| 920 ## - Programme | |
| Programme | SDPS : 338458, 338459 |
| Withdrawn status | Lost status | Source of classification or shelving scheme | Damaged status | Not for loan | Home library | Current library | Date acquired | Source of acquisition | Cost, normal purchase price | Inventory number | Total Checkouts | Barcode | Date last seen | Uniform Resource Identifier | Cost, replacement price | Price effective from | Koha item type | Public note |
|---|---|---|---|---|---|---|---|---|---|---|---|---|---|---|---|---|---|---|
| Dewey Decimal Classification | Taylor's Library-TC | Taylor's Library-TC | 13/05/2025 | 42 | 102.05 | 700000429 | 5000179901 | 13/05/2025 | Floor 4, Shelf 40 , Side 1, TierNo 4, BayNo 2 | 102.05 | 13/05/2025 | Main Collection | SDPSx,DIDD,03,RM | |||||
| Dewey Decimal Classification | Taylor's Library-TC | Taylor's Library-TC | 13/05/2025 | 42 | 102.05 | 700000429 | 5000179902 | 13/05/2025 | Floor 2, Shelf 2 , Side 1, TierNo 3, BayNo 3 | 102.05 | 13/05/2025 | Reserve Collection | SDPSx,DIDD,03,RM |